| 000 | 01130nac a22002651u 4500 | ||
|---|---|---|---|
| 010 | _a 2006011286 | ||
| 020 | _a0415338492 (hardback : alk. paper) | ||
| 020 | _a0415338506 (pbk. : alk. paper) | ||
| 020 | _a0203441494 (ebook) | ||
| 082 | 0 | 0 | _a306.4403 |
| 090 |
_c2225 _d2225 |
||
| 100 | _a20080729 | ||
| 245 | 1 | 4 |
_aThe Routledge companion to sociolinguistics / _cCarmen Llamas, Louise Mullany, and Peter Stockwell. |
| 260 |
_aAbingdon, [England] ; _aN.Y. : _bRoutledge,2007 _c2007. |
||
| 300 |
_axix,271 p. ; _c18 cm. |
||
| 504 | _aIncludes bibliographical references and index. | ||
| 650 | 0 |
_aSociolinguistics _vDictionaries. |
|
| 700 | 1 | _aMullany, Louise. | |
| 700 | 1 | _aStockwell, Peter. | |
| 700 | 1 | _aLlamas, Carmen. | |
| 856 | 4 | 1 |
_3Table of contents only _uhttp://www.loc.gov/catdir/toc/ecip0611/2006011286.html |
| 856 | 4 | 1 |
_3Publisher description _uhttp://www.loc.gov/catdir/enhancements/fy0654/2006011286-d.html |
| 942 |
_cNB _k306.4403 |
||
| 999 |
_c2225 _d2225 |
||